000 00325nam a22001337a 4500
008 170602b xxu||||| |||| 00| 0 eng d
020 _a0382241886
041 _aeng
080 _a94(7/8)
100 _a17
101 _aSHH
245 _aTHE AMERICAN HERITAGE HISTORY OF THE BILL OF RIGHTS
_cKLINKNER, P.A
942 _2udc
_cBK
999 _c15723
_d15723